| 000 | 00595nam a2200217Ia 4500 | ||
|---|---|---|---|
| 005 | 20241129110237.0 | ||
| 008 | 241129s9999||||xx |||||||||||||| ||und|| | ||
| 020 | _a978-93-82775-10-2 | ||
| 037 | _aTB | ||
| 040 |
_aARTS _beng _cARTS |
||
| 041 |
_aeng _2urd |
||
| 084 |
_aT 168Q4 _qARTS |
||
| 100 |
_aMohammad Zakir Au. _9727531 |
||
| 245 | 0 |
_aTaleem aur rivayati qadrein aur doosre mazamin _cMohammad Zakir Au. |
|
| 260 |
_aDelhi, India _bkitab ghar _c2012 |
||
| 300 | _a197p. | ||
| 365 |
_aINR _b112 |
||
| 650 | _aEducation | ||
| 942 |
_cTB _hT 168Q4 |
||
| 999 |
_c1227860 _d1227860 |
||